| 000 -ლიდერი |
| ფიქსირებული სიგრძის საკონტროლო ველი |
00986nam a2200229Ia 4500 |
| 001 - საკონტროლო ნომერი |
| საკონტროლო ველი |
4102 |
| 003 - საკონტროლო ნომრის იდენტიფიკატორი |
| საკონტროლო ველი |
GE_BSU |
| 005 - ბოლო ოპერაციის თარიღი და დრო |
| საკონტროლო ველი |
20190923115614.0 |
| 008 - ფიქსირებული სიგრძის მონაცემთა ელემენტები - ზოგადი ინფორმაცია |
| ფიქსირებული სიგრძის საკონტროლო ველი |
181216s1997||||ge |||||||||||||| ||geo|| |
| 020 ## - წიგნის საერთაშორისო სტანდარტული ნომერი |
| International Standard Book Number |
5511007676 |
| 040 ## - კატალოგიზაციის წყარო |
| Transcribing agency |
GE_BSU |
| 041 ## - ენის კოდი |
| Language code of text/sound track or separate title |
geo |
| 080 ## - უნივერსალური ათობითი კლასიფიკაციის ინდექსი |
| Universal Decimal Classification number |
398(479.22) ქ–88 |
| 100 ## - მთავარი ჩანაწერი - პიროვნების სახელი |
| Personal name |
ქურდოვანიძე, თეიმურაზ |
| 9 (RLIN) |
3290 |
| 245 ## - ცნობა სათაურის შესახებ |
| Title |
ქართული ზეპირსიტყვიერების ჟანრები / |
| Statement of responsibility, etc |
თეიმურაზ ქურდოვანიძე; რედ.: ო. ონიანი. |
| 264 ## - წარმოების, გამოცემის, დისტრიბუციის და სხვა ცნობები |
| გამოცემის, წარმოების, დისტრიბუციის... ადგილი |
თბ. : |
| გამოცემის, წარმოების, დისტრიბუციის... სახელწოდება |
თბილ. უნ-ტის გამ-ბა, |
| გამოცემის, წარმოების, დისტრიბუციის... თარიღი |
1997. |
| 300 ## - ფიზიკური აღწერა |
| Extent |
59 გვ.; |
| Other physical details |
20 სმ. |
| 490 ## - სერიის ცნობა |
| Series statement |
უნივერსიტეტი-სკოლას |
| 653 ## - INDEX TERM--UNCONTROLLED |
| Uncontrolled term |
ქართული ზეპირსიტყვიერების ჟანრები; |
| 700 ## - ADDED ENTRY--PERSONAL NAME |
| Personal name |
ონიანი, ო. |
| Relator term |
რედაქტორი |
| 9 (RLIN) |
4220 |
| 942 ## - ADDED ENTRY ELEMENTS (KOHA) |
| Koha item type |
წიგნი |
| Source of classification or shelving scheme |
|